[Event "Titled Tue 10th Jun Early"]
[Site "chess.com INT"]
[Date "2025.06.10"]
[Round "7"]
[White "Beniosev, Daniel"]
[Black "Mompel Ferruz, Xavier"]
[Result "0-1"]
[WhiteTitle "CM"]
[BlackTitle "FM"]
[WhiteElo "1959"]
[BlackElo "2342"]
[WhiteFideId "11632674"]
[BlackFideId "54585775"]
[EventDate "2025.06.10"]

1. e4 c5 2. Nc3 d6 3. g3 Nc6 4. Bg2 g6 5. d3 Bg7 6. Be3 e6 7. Qd2 Rb8 8. Nge2
Nd4 9. O-O b5 10. Rab1 Ne7 11. b4 Nec6 12. bxc5 dxc5 13. Bxd4 Nxd4 14. Nxd4 cxd4
15. Nxb5 O-O 16. Nxa7 Bb7 17. Nb5 Ra8 18. a3 Bc6 19. f4 Bxb5 20. Rb4 Bc6 21. f5
exf5 22. exf5 Bxg2 23. Qxg2 Rxa3 24. Rb7 Ra6 25. Qe4 Qg5 26. Kg2 Rf6 27. h4 Qd2+
28. Rf2 Qe3 29. Qd5 gxf5 30. h5 f4 31. Rf3 Qe2+ 32. Rf2 Qg4 33. Rf3 fxg3 34.
Rxg3 Qe2+ 35. Kh3 Qf1+ 36. Kh4 Rf4+ 37. Kg5 h6# 0-1

[Event "Titled Tue 10th Jun Early"]
[Site "chess.com INT"]
[Date "2025.06.10"]
[Round "7"]
[White "Yanev, Tihomir"]
[Black "Buchenau, Frank"]
[Result "1-0"]
[WhiteTitle "IM"]
[BlackTitle "FM"]
[WhiteElo "2354"]
[BlackElo "2205"]
[WhiteFideId "2910110"]
[BlackFideId "4604350"]
[EventDate "2025.06.10"]

1. e4 e6 2. d4 d5 3. Nd2 c5 4. Ngf3 cxd4 5. exd5 Qxd5 6. Bc4 Qd6 7. O-O Nf6 8.
Nb3 Nc6 9. Nbxd4 Nxd4 10. Nxd4 a6 11. c3 Qc7 12. Bd3 Bd6 13. h3 O-O 14. Bg5 Nd7
15. Qh5 g6 16. Qh4 e5 17. Nf5 f6 18. Nxd6 Qxd6 19. Bc4+ Kh8 20. Bh6 Re8 21. Rad1
Qe7 22. f4 Qc5+ 23. Kh1 Qe7 24. fxe5 Nxe5 25. Bb3 Bf5 26. Be3 Rad8 27. Bd4 Kg7
28. Rde1 Qd6 29. Qg3 b5 30. Rxf5 Nc6 31. Bxf6+ Qxf6 32. Rxf6 Rxe1+ 33. Qxe1 Kxf6
34. Qh4+ 1-0

[Event "Titled Tue 10th Jun Early"]
[Site "chess.com INT"]
[Date "2025.06.10"]
[Round "7"]
[White "Manzone, Alessandro"]
[Black "Gurevich, Dmitry"]
[Result "0-1"]
[WhiteTitle "FM"]
[BlackTitle "GM"]
[WhiteElo "2397"]
[BlackElo "2338"]
[WhiteFideId "112488"]
[BlackFideId "2000407"]
[EventDate "2025.06.10"]

1. d4 Nf6 2. c4 a6 3. Nc3 c5 4. e3 e6 5. Nf3 d5 6. a3 Nc6 7. cxd5 exd5 8. Bd3 c4
9. Bb1 b5 10. Ne5 Bb7 11. O-O Bd6 12. f4 O-O 13. Rf3 Ne7 14. Rh3 Ne4 15. Qh5 h6
16. Bxe4 dxe4 17. Rg3 g6 18. f5 Bxe5 19. dxe5 Kh7 20. fxg6+ fxg6 21. Qg4 Qc8 22.
e6 Qc6 23. h4 Rf5 24. Bd2 h5 25. Qe2 Qxe6 26. Be1 Raf8 27. Rd1 Bc6 28. Kh2 Qe5
29. Qd2 g5 30. Kh3 g4+ 31. Kh2 Qf6 32. Qd4 Qxh4+ 33. Kg1 Rf1# 0-1

[Event "Titled Tue 10th Jun Early"]
[Site "chess.com INT"]
[Date "2025.06.10"]
[Round "7"]
[White "Ter-Sahakyan, Samvel"]
[Black "Liu, Xiangyi"]
[Result "0-1"]
[WhiteTitle "GM"]
[BlackTitle "IM"]
[WhiteElo "2611"]
[BlackElo "2370"]
[WhiteFideId "13302531"]
[BlackFideId "8605718"]
[EventDate "2025.06.10"]

1. d4 Nf6 2. c4 e6 3. Nf3 Nc6 4. g3 Bb4+ 5. Nbd2 Qe7 6. Bg2 O-O 7. O-O a5 8. e4
d6 9. Qc2 e5 10. d5 Nb8 11. a3 Bc5 12. Nb1 Na6 13. Nc3 Bg4 14. h3 Bc8 15. Rb1
Ne8 16. Ne1 f5 17. Nd3 Bd4 18. Qe2 Nf6 19. Bg5 h6 20. Bxf6 Rxf6 21. Nb5 Bb6 22.
b4 axb4 23. axb4 Bd7 24. Kh2 Raf8 25. f4 exf4 26. Nxf4 fxe4 27. Bxe4 g5 28. c5
gxf4 29. cxb6 fxg3+ 30. Kh1 Rxf1+ 31. Rxf1 Rxf1+ 0-1

[Event "Titled Tue 10th Jun Early"]
[Site "chess.com INT"]
[Date "2025.06.10"]
[Round "7"]
[White "Coe, William"]
[Black "Golubovskis, Maksims"]
[Result "0-1"]
[BlackTitle "FM"]
[WhiteElo "2078"]
[BlackElo "2228"]
[WhiteFideId "30913624"]
[BlackFideId "11608528"]
[EventDate "2025.06.10"]

1. e4 c5 2. Nf3 d6 3. d4 cxd4 4. Nxd4 Nf6 5. Nc3 a6 6. h3 e5 7. Nde2 Be7 8. g4
Be6 9. Bg2 Nbd7 10. O-O b5 11. Be3 Rc8 12. Ng3 Nb6 13. Nd5 Bxd5 14. exd5 Qc7 15.
c3 Nc4 16. Bc1 g6 17. f4 h5 18. fxe5 Nxe5 19. g5 Qc5+ 20. Kh1 Nfg4 21. Ne4 Qb6
22. Bf4 Rc4 23. Bxe5 dxe5 24. d6 Bd8 25. d7+ Kf8 26. Qf3 Qe6 27. Rad1 Rh7 28.
Kg1 Qb6+ 29. Kh1 Ne3 0-1

[Event "Titled Tue 10th Jun Early"]
[Site "chess.com INT"]
[Date "2025.06.10"]
[Round "7"]
[White "Ser, Daniel"]
[Black "Huseynova, Lala"]
[Result "1-0"]
[WhiteTitle "CM"]
[BlackTitle "WFM"]
[WhiteElo "2005"]
[BlackElo "2045"]
[WhiteFideId "12829404"]
[BlackFideId "13431781"]
[EventDate "2025.06.10"]

1. d4 d5 2. Bf4 Nf6 3. e3 Bf5 4. c4 c6 5. Qb3 Qb6 6. c5 Qxb3 7. axb3 a6 8. Nd2
Nh5 9. Bc7 Kd7 10. Be5 f6 11. Bxb8 Rxb8 12. Be2 g6 13. g4 Ng7 14. gxf5 gxf5 15.
Nh3 e5 16. Nf3 e4 17. Nd2 Ne6 18. b4 Bh6 19. O-O-O f4 20. Bg4 fxe3 21. fxe3 Bxe3
22. Rhe1 Bh6 23. Rf1 Rhf8 24. Nf4 Bxf4 25. Bxe6+ Kxe6 26. Rxf4 f5 27. Nf1 Rg8
28. Ng3 Rbf8 29. Rdf1 Rg5 30. Rh4 Rf7 31. Rff4 Rfg7 32. Rh6+ R5g6 33. Rh5 Rg5
34. Rxf5 Rxf5 35. Rxf5 Rxg3 36. Re5+ Kf6 37. hxg3 1-0

[Event "Titled Tue 10th Jun Early"]
[Site "chess.com INT"]
[Date "2025.06.10"]
[Round "7"]
[White "Castillo Pena, Patricia Evarista"]
[Black "Estrada Nieto, Julian"]
[Result "0-1"]
[WhiteTitle "WFM"]
[BlackTitle "IM"]
[WhiteElo "1909"]
[BlackElo "2181"]
[WhiteFideId "6412106"]
[BlackFideId "5101018"]
[EventDate "2025.06.10"]

1. d4 Nf6 2. Nf3 d5 3. e3 e6 4. Bd3 c5 5. b3 Nc6 6. Bb2 cxd4 7. exd4 Bd6 8. O-O
O-O 9. Nbd2 b6 10. Ne5 Bb7 11. f4 Ne7 12. Qe2 Rc8 13. Rac1 Rc7 14. c4 Qc8 15.
Kh1 Rd8 16. a3 Qa8 17. Rc2 Ne4 18. Rfc1 Nf5 19. Bxe4 dxe4 20. Nf1 f6 21. Ng4
Bxf4 22. Rd1 Rcd7 23. d5 exd5 24. cxd5 Bxd5 25. Nfe3 Nxe3 26. Nxe3 Bxb3 27. Rxd7
Rxd7 28. Rd2 Qd8 29. Rxd7 Qxd7 30. Kg1 Qd3 31. Kf2 b5 32. g3 Bd6 33. Nf5 Bc5+
34. Kf1 Qb1+ 0-1

[Event "Titled Tue 10th Jun Early"]
[Site "chess.com INT"]
[Date "2025.06.10"]
[Round "7"]
[White "Tsydypov, Zhamsaran"]
[Black "Hayrapetyan, Artavazd R."]
[Result "1-0"]
[WhiteTitle "GM"]
[BlackTitle "FM"]
[WhiteElo "2514"]
[BlackElo "2350"]
[WhiteFideId "4108566"]
[BlackFideId "13304240"]
[EventDate "2025.06.10"]

1. e4 c6 2. d4 d5 3. e5 Bf5 4. Nf3 e6 5. Nbd2 Nd7 6. Nb3 h6 7. Bd2 a6 8. Be2 Rc8
9. Na5 c5 10. c4 b6 11. Nb7 Qc7 12. Nd6+ Bxd6 13. exd6 Qxd6 14. cxd5 Qxd5 15.
Bxa6 Ra8 16. Bb5 cxd4 17. a4 Nf6 18. O-O O-O 19. Bb4 Nc5 20. Nxd4 Be4 21. f3
Rfd8 22. Bc3 Bg6 23. Bc6 Qc4 24. Bxa8 Rxa8 25. Nc6 Bd3 26. Ne5 Qd5 27. Re1 Bc4
28. Qxd5 Bxd5 29. a5 Nb3 30. Ra4 bxa5 31. h4 Ne8 32. Nc4 Bc6 33. Ra3 a4 34. Rd1
Nc7 35. Rd6 Bd5 36. Nb6 Rb8 37. Nxd5 Nb5 38. Rb6 Rxb6 39. Nxb6 Nxa3 40. bxa3 Nc5
41. Bb4 1-0

[Event "Titled Tue 10th Jun Early"]
[Site "chess.com INT"]
[Date "2025.06.10"]
[Round "7"]
[White "Looi, Xin Hao"]
[Black "Subervi, Jonathan Sigfredo"]
[Result "1-0"]
[WhiteTitle "CM"]
[BlackTitle "FM"]
[WhiteElo "2009"]
[BlackElo "2059"]
[WhiteFideId "5702828"]
[BlackFideId "6400345"]
[EventDate "2025.06.10"]

1. d4 f5 2. Nf3 Nf6 3. g3 g6 4. Bg2 Bg7 5. O-O d6 6. c4 O-O 7. Nc3 c6 8. Qd3 Na6
9. a3 Qc7 10. b4 e5 11. dxe5 dxe5 12. Qc2 e4 13. Bf4 Qe7 14. Nd4 Ng4 15. Rad1 g5
16. Bc1 e3 17. f4 Nf2 18. Rxf2 exf2+ 19. Kxf2 gxf4 20. Bxf4 Be6 21. b5 cxb5 22.
Nxe6 Rfc8 23. Nxg7 Kxg7 24. Qxf5 Qc5+ 25. Qxc5 Rxc5 26. Bxb7 Rf8 27. Bxa6 Rxc4
28. Rd7+ Kg6 29. Nd5 Ra4 30. Bxb5 Rxa3 31. Bd3+ Kh5 32. Rxh7+ Kg4 33. Rh4# 1-0

[Event "Titled Tue 10th Jun Early"]
[Site "chess.com INT"]
[Date "2025.06.10"]
[Round "7"]
[White "Arabidze, Meri"]
[Black "Urazayev, Arystanbek"]
[Result "0-1"]
[WhiteTitle "IM"]
[BlackTitle "IM"]
[WhiteElo "2440"]
[BlackElo "2490"]
[WhiteFideId "13604040"]
[BlackFideId "13709810"]
[EventDate "2025.06.10"]

1. d4 d5 2. c4 e6 3. Nc3 Nf6 4. cxd5 exd5 5. Bg5 c6 6. e3 Bd6 7. Bd3 O-O 8. Nf3
Be6 9. Qc2 h6 10. Bh4 Nbd7 11. O-O Qc7 12. Bg3 Bxg3 13. hxg3 Rfe8 14. a3 a5 15.
Rac1 Qd6 16. Rfe1 Bg4 17. Bf5 Bxf5 18. Qxf5 g6 19. Qf4 Qxf4 20. gxf4 Re7 21. Ne5
Ne8 22. Na4 Ndf6 23. f3 Nd6 24. g4 Rae8 25. Kf2 Kg7 26. Rc5 Ng8 27. g5 Ra8 28.
b3 Re6 29. Nb6 Ra6 30. Na4 hxg5 31. fxg5 f6 32. gxf6+ Rxf6 33. Rcc1 Ra8 34. Rg1
Ne7 35. Ke2 Nf7 36. Nb6 Rh8 37. Nbd7 Rh2+ 38. Kd3 Nxe5+ 39. Nxe5 Rb2 40. Kc3 Ra2
41. a4 Nf5 42. Rce1 b5 43. axb5 cxb5 44. e4 Nh4 45. Rg3 Ng2 46. Rg1 Nf4 47. Nxg6
b4# 0-1

[Event "Titled Tue 10th Jun Early"]
[Site "chess.com INT"]
[Date "2025.06.10"]
[Round "7"]
[White "Komov, Roman"]
[Black "Banerjee, Supratit"]
[Result "0-1"]
[WhiteTitle "FM"]
[BlackTitle "FM"]
[WhiteElo "2239"]
[BlackElo "2311"]
[WhiteFideId "24175714"]
[BlackFideId "2410079"]
[EventDate "2025.06.10"]

1. e4 g6 2. d4 Bg7 3. Nf3 d6 4. Be3 Nf6 5. Nc3 O-O 6. Qd2 a6 7. Bh6 b5 8. Bd3
Nbd7 9. e5 dxe5 10. dxe5 Ng4 11. Bxg7 Kxg7 12. Qf4 Nc5 13. Rd1 Qe8 14. Nd5 Qc6
15. Nxe7 Nxd3+ 16. Rxd3 Qxc2 17. Qd2 Qb1+ 18. Qd1 Qxb2 19. O-O Nxe5 20. Nxe5
Qxe5 21. Re1 Qg5 22. Rg3 Qh4 23. Nd5 c5 24. f4 Qd8 25. Qa1+ f6 26. Re7+ Kh6 27.
Nxf6 Qxe7 28. Nd5 Qg7 29. Qd1 Qd4+ 0-1

[Event "Titled Tue 10th Jun Early"]
[Site "chess.com INT"]
[Date "2025.06.10"]
[Round "7"]
[White "Napoli, Nicolo"]
[Black "Martinez Ramirez, Lennis"]
[Result "0-1"]
[WhiteTitle "FM"]
[BlackTitle "IM"]
[WhiteElo "2264"]
[BlackElo "2442"]
[WhiteFideId "813702"]
[BlackFideId "3509079"]
[EventDate "2025.06.10"]

1. d4 Nf6 2. Nc3 b5 3. Nxb5 Bb7 4. Nc3 d5 5. Bg5 Ne4 6. Nxe4 dxe4 7. c3 Nd7 8.
e3 h6 9. Bh4 c5 10. Bc4 Qb6 11. Qb3 e6 12. Ne2 g5 13. Bg3 cxd4 14. Nxd4 Bg7 15.
Bb5 Rd8 16. Rd1 O-O 17. Nxe6 Nc5 18. Nxc5 Rxd1+ 19. Qxd1 Qxb5 20. Nxb7 Qxb2 21.
O-O Qxb7 22. Qa4 Bxc3 23. h4 Bf6 24. Rc1 gxh4 25. Bf4 Bg5 26. Bxg5 hxg5 27. Rc5
f6 28. Qc4+ Rf7 29. Rb5 Qe7 30. a4 Kg7 31. a5 Qd7 32. Rd5 Qg4 33. f3 Qg3 34.
Qxe4 Qe1+ 35. Kh2 Rc7 36. Qg4 Rc1 37. Rd7+ Kh6 38. Rh7+ Kxh7 39. Qf5+ Kg7 40.
Qd7+ Kh6 0-1

[Event "Titled Tue 10th Jun Early"]
[Site "chess.com INT"]
[Date "2025.06.10"]
[Round "7"]
[White "Kjaergaard-Jensen, Jesper"]
[Black "Carrasco Miranda, Andres"]
[Result "0-1"]
[WhiteTitle "CM"]
[BlackTitle "CM"]
[WhiteElo "2081"]
[BlackElo "2211"]
[WhiteFideId "1406990"]
[BlackFideId "3405990"]
[EventDate "2025.06.10"]

1. d4 Nf6 2. Nf3 g6 3. c3 Bg7 4. Bg5 O-O 5. Nbd2 c5 6. Bxf6 Bxf6 7. dxc5 Na6 8.
Ne4 Bg7 9. e3 b6 10. cxb6 Qxb6 11. Qb3 Qc6 12. Ned2 Nc5 13. Qc2 Ba6 14. Nd4 Qb7
15. N2b3 Bxf1 16. Nxc5 Qc7 17. Kxf1 Qxc5 18. h4 h5 19. Qe2 Rab8 20. a3 a5 21.
Rd1 d5 22. g4 hxg4 23. h5 e5 24. Qxg4 exd4 25. h6 Bf6 26. exd4 Qc4+ 27. Kg2 Rxb2
28. Qf4 Qc6 29. Rd3 Kh7 30. Rf3 Bh8 31. Qg4 Rb7 32. Qg3 Re7 33. Rh4 Re4 34. Rh3
Qe6 35. Kh1 Rg4 36. Qc7 Qe1+ 37. Kh2 Qg1# 0-1

[Event "Titled Tue 10th Jun Early"]
[Site "chess.com INT"]
[Date "2025.06.10"]
[Round "7"]
[White "Le, Minh Tu"]
[Black "Wyss, Jonas"]
[Result "1-0"]
[WhiteTitle "FM"]
[BlackTitle "FM"]
[WhiteElo "1932"]
[BlackElo "2278"]
[WhiteFideId "12404888"]
[BlackFideId "1311387"]
[EventDate "2025.06.10"]

1. e4 c6 2. d4 d5 3. exd5 cxd5 4. c4 Nf6 5. Nc3 Nc6 6. Bg5 dxc4 7. d5 Ne5 8. Qd4
h6 9. Bh4 Ng6 10. Bxf6 exf6 11. Bxc4 Bd6 12. Nf3 O-O 13. O-O Bd7 14. Ne4 Be5 15.
Nxe5 Nxe5 16. Bb3 Qa5 17. Rfd1 Rad8 18. Nd6 Qa6 19. Qb4 Nd3 20. Qa3 Qxa3 21.
bxa3 Ne5 22. Nxb7 Rb8 23. Nc5 Rfd8 24. Rac1 Bf5 25. d6 Rb6 26. f4 Ng4 27. d7 Rc6
28. Ba4 Rc7 29. Na6 Rxc1 30. Rxc1 Rxd7 31. Bxd7 Bxd7 32. h3 Ne3 33. Rc7 Be6 34.
Rxa7 Bxa2 35. Nc5 Nd5 36. g3 g5 37. fxg5 fxg5 38. a4 f5 39. a5 f4 40. gxf4 gxf4
41. a6 Bc4 42. Ra8+ Kg7 43. a7 Nb6 44. Rb8 1-0

[Event "Titled Tue 10th Jun Early"]
[Site "chess.com INT"]
[Date "2025.06.10"]
[Round "7"]
[White "Arkell, Keith C"]
[Black "Vifleemskaia, Svetlana"]
[Result "1-0"]
[WhiteTitle "GM"]
[BlackTitle "WFM"]
[WhiteElo "2343"]
[BlackElo "1942"]
[WhiteFideId "400270"]
[BlackFideId "4129490"]
[EventDate "2025.06.10"]

1. d4 Nf6 2. Nf3 d5 3. c4 dxc4 4. e3 a6 5. Bxc4 b5 6. Bb3 Bb7 7. O-O e6 8. a4
Nbd7 9. axb5 axb5 10. Rxa8 Qxa8 11. Nc3 b4 12. Na4 Bd6 13. Bd2 Bd5 14. Bxd5 Qxd5
15. b3 O-O 16. Qc2 Ne4 17. Rc1 h6 18. Qc4 Ndf6 19. Qxd5 Nxd5 20. Be1 Ra8 21. Kf1
Kf8 22. Ke2 f6 23. Kd3 f5 24. Nd2 Nxd2 25. Bxd2 Ke7 26. g3 Kd7 27. f3 Nb6 28.
Nxb6+ cxb6 29. Rc2 b5 30. e4 fxe4+ 31. fxe4 Ra1 32. Rb2 Rh1 33. Bf4 Be7 34. d5
exd5 35. exd5 Bd6 36. Ke4 g5 37. Bxd6 Kxd6 38. Rd2 Rb1 39. Rd3 Rh1 40. Kf5 Rc1
41. Rd4 Kc5 42. d6 Rf1+ 43. Ke6 Kxd4 44. d7 1-0

[Event "Titled Tue 10th Jun Early"]
[Site "chess.com INT"]
[Date "2025.06.10"]
[Round "7"]
[White "Marynychenko, Yehor"]
[Black "Fiore, Mario Angelo"]
[Result "0-1"]
[WhiteTitle "CM"]
[BlackTitle "FM"]
[WhiteElo "2183"]
[BlackElo "2138"]
[WhiteFideId "34160558"]
[BlackFideId "800392"]
[EventDate "2025.06.10"]

1. e4 e5 2. Nf3 Nc6 3. Bb5 a6 4. Ba4 Nf6 5. O-O Bc5 6. c3 b5 7. Bc2 d6 8. d4 Bb6
9. dxe5 Nxe5 10. Nxe5 dxe5 11. Qxd8+ Kxd8 12. Nd2 Nd7 13. Nf3 f6 14. Rd1 Ke7 15.
b3 Bc5 16. b4 Bd6 17. a4 Bb7 18. a5 c5 19. Bd2 Rac8 20. Rac1 Rhd8 21. Be1 Nf8
22. Bb1 Ne6 23. h4 h5 24. g3 g6 25. Kf1 f5 26. Bd2 f4 27. gxf4 Nxf4 28. Bxf4
exf4 0-1

[Event "Titled Tue 10th Jun Early"]
[Site "chess.com INT"]
[Date "2025.06.10"]
[Round "7"]
[White "Kovalenko, Igor"]
[Black "Ohanyan, Emin"]
[Result "1-0"]
[WhiteTitle "GM"]
[BlackTitle "GM"]
[WhiteElo "2676"]
[BlackElo "2491"]
[WhiteFideId "14117908"]
[BlackFideId "13312022"]
[EventDate "2025.06.10"]

1. d4 d5 2. Bf4 c5 3. e3 Nc6 4. c3 Qb6 5. Qb3 Nf6 6. Nd2 c4 7. Qxb6 axb6 8. a3
Bf5 9. f3 e6 10. g4 Bg6 11. h4 h5 12. g5 Nd7 13. Be2 b5 14. Rc1 Nb6 15. Bd1 Na4
16. Bxa4 bxa4 17. Rh2 Be7 18. Nh3 Bf5 19. Bg3 Bxh3 20. Rxh3 Kd7 21. e4 f6 22.
gxf6 gxf6 23. Nf1 Rag8 24. Kf2 Bf8 25. Bf4 Ne7 26. Ne3 Ng6 27. Bh2 Bh6 28. Re1
Bf4 29. Ng2 Bd2 30. Re2 Bc1 31. Rc2 Bh6 32. Rg3 Rg7 33. Re2 Rhg8 34. Re1 Ne7 35.
Rxg7 Rxg7 36. Bg3 Ng6 37. Re2 Rg8 38. Re1 Ra8 39. Re2 Ra6 40. Ke1 f5 41. e5 Ra8
42. Kf1 Rg8 43. Be1 Nf4 44. Nxf4 Bxf4 45. Bd2 Bxd2 46. Rxd2 Rg3 47. Kf2 f4 48.
Rd1 Rh3 49. Kg2 Rg3+ 50. Kf2 Rh3 51. Rg1 Rh2+ 52. Rg2 Rxh4 53. Rg7+ Kc6 54. Kg2 1-0

[Event "Titled Tue 10th Jun Early"]
[Site "chess.com INT"]
[Date "2025.06.10"]
[Round "7"]
[White "Toropov, Pavel"]
[Black "Terlouw, Wouter"]
[Result "1-0"]
[WhiteTitle "FM"]
[BlackTitle "CM"]
[WhiteElo "2308"]
[BlackElo "2196"]
[WhiteFideId "24129178"]
[BlackFideId "1087401"]
[EventDate "2025.06.10"]

1. e4 c6 2. d4 d5 3. exd5 cxd5 4. Bd3 Nc6 5. c3 Nf6 6. h3 e5 7. dxe5 Nxe5 8. Nf3
Nxd3+ 9. Qxd3 Bd6 10. O-O O-O 11. Bg5 h6 12. Bh4 Be6 13. Nbd2 Be7 14. Nd4 Nd7
15. Bxe7 Qxe7 16. Rae1 Nc5 17. Qb5 Qc7 18. N2b3 Nxb3 19. axb3 a6 20. Qd3 Rae8
21. Re3 Bd7 22. Rg3 Qe5 23. Re3 Qh5 24. Rfe1 Rxe3 25. Rxe3 Re8 26. Rxe8+ Bxe8
27. Qe2 Qxe2 28. Nxe2 Kf8 29. f4 Ke7 30. Kf2 Kd6 31. Ke3 Bb5 32. Ng3 g6 33. Kd4
Bd7 34. Nf1 Bf5 35. Ne3 Be4 36. g3 f5 37. c4 dxc4 38. bxc4 b6 39. Nd1 a5 40. Nc3
Bc6 41. Nd1 Bg2 42. Nf2 Bf3 43. Nd3 Ke6 44. Ne5 Bg2 45. h4 g5 46. hxg5 hxg5 47.
fxg5 Bb7 48. Nd3 Kf7 49. Nf4 Be4 50. Ke5 a4 51. g4 Bc2 52. gxf5 Bb3 53. g6+ Kg7
54. Ne6+ Kg8 55. f6 1-0

[Event "Titled Tue 10th Jun Early"]
[Site "chess.com INT"]
[Date "2025.06.10"]
[Round "7"]
[White "Osinovsky, Stepan"]
[Black "Burmakin, Evgeniy"]
[Result "1/2-1/2"]
[WhiteTitle "FM"]
[BlackTitle "FM"]
[WhiteElo "2240"]
[BlackElo "2110"]
[WhiteFideId "4157354"]
[BlackFideId "4163729"]
[EventDate "2025.06.10"]

1. e4 c5 2. Nf3 d6 3. d4 cxd4 4. Nxd4 Nf6 5. Nc3 a6 6. Be3 e5 7. Nb3 Be6 8. Qd2
Be7 9. O-O-O O-O 10. Kb1 b5 11. f4 b4 12. Nd5 Nxe4 13. Qxb4 f5 14. Nxe7+ Qxe7
15. fxe5 Nc6 16. exd6 Nxb4 17. dxe7 Rfe8 18. a3 Nxc2 19. Kxc2 Rec8+ 20. Nc5 Nxc5
21. Bxc5 Rxc5+ 22. Kb1 Re8 23. Bxa6 Rxe7 24. Rhe1 Kf7 25. Rd3 Ba2+ 26. Kxa2 Rxe1
27. Rd2 f4 28. a4 g5 29. b4 Rcc1 30. a5 g4 31. Bb7 Ra1+ 32. Kb3 f3 33. gxf3 gxf3
34. Rf2 Re3+ 35. Kc4 Raa3 36. a6 Ke6 37. b5 Kd6 38. b6 Rac3+ 39. Kd4 Rcd3+ 40.
Kc4 Rc3+ 41. Kd4 Rcd3+ 42. Kc4 Rc3+ 1/2-1/2

[Event "Titled Tue 10th Jun Early"]
[Site "chess.com INT"]
[Date "2025.06.10"]
[Round "7"]
[White "Montano Vicente, Guadalupe"]
[Black "Guliev, Gasan"]
[Result "1-0"]
[BlackTitle "CM"]
[WhiteElo "1938"]
[BlackElo "2123"]
[WhiteFideId "5181399"]
[BlackFideId "34165638"]
[EventDate "2025.06.10"]

1. d4 d5 2. c4 e6 3. Nc3 c5 4. e3 Nc6 5. cxd5 exd5 6. Nf3 Nf6 7. h3 cxd4 8. Nxd4
Bc5 9. Bb5 Bxd4 10. exd4 O-O 11. O-O a6 12. Bd3 h6 13. Be3 Re8 14. Rc1 Ne4 15.
Qf3 f5 16. Nxd5 Be6 17. Nc3 Nxd4 18. Bxd4 Qxd4 19. Bxe4 fxe4 20. Qxe4 Qxe4 21.
Nxe4 Bxa2 22. Nd6 Re2 23. b4 Bd5 24. Rc7 b5 25. Rd1 Bb3 26. Rd3 Ba2 27. Rg3 g5
28. h4 Re5 29. f4 Rd5 30. Ne4 Rf8 31. hxg5 hxg5 32. Nxg5 1-0

[Event "Titled Tue 10th Jun Early"]
[Site "chess.com INT"]
[Date "2025.06.10"]
[Round "7"]
[White "Sapocinic, Semion"]
[Black "Gelman, Alexander"]
[Result "1-0"]
[WhiteTitle "FM"]
[BlackTitle "IM"]
[WhiteElo "2296"]
[BlackElo "2403"]
[WhiteFideId "13908693"]
[BlackFideId "4118316"]
[EventDate "2025.06.10"]

1. c4 c5 2. Nf3 Nf6 3. g3 e6 4. Bg2 Be7 5. O-O O-O 6. Nc3 a6 7. b3 d6 8. Bb2
Nbd7 9. d4 cxd4 10. Nxd4 Qc7 11. Rc1 Ne5 12. Qd2 Bd7 13. Rfd1 Rfd8 14. h3 Rac8
15. a4 Qb6 16. Ra1 h6 17. a5 Qc7 18. Na4 Bxa4 19. Rxa4 h5 20. Raa1 Ng6 21. Qd3
Ne5 22. Qd2 Ng6 23. Qc2 Ne5 24. Nf3 Nc6 25. Qd2 d5 26. cxd5 Rxd5 27. Qe3 Bc5 28.
Qf4 Qxf4 29. gxf4 Rxd1+ 30. Rxd1 Nxa5 31. Rb1 Ne4 32. e3 Nxb3 33. Be5 Na5 34.
Ng5 Nd2 35. Bxb7 Nxb7 36. Rxb7 f6 37. Nxe6 fxe5 38. Rxg7+ Kh8 39. f5 Ne4 40. Rg6
Kh7 41. Kg2 Rg8 42. Rxg8 Kxg8 43. f3 Bxe3 44. fxe4 a5 45. Kf3 Bb6 46. Ke2 Kf7
47. Kd3 Ke7 48. Kc4 Kd6 49. Kb5 Bc7 50. Nxc7 Kxc7 51. Kxa5 Kc6 52. Kb4 1-0

[Event "Titled Tue 10th Jun Early"]
[Site "chess.com INT"]
[Date "2025.06.10"]
[Round "7"]
[White "Nakhbayeva, Guliskhan"]
[Black "Ghoreishi Amiri, Seyed Kian"]
[Result "1-0"]
[WhiteTitle "IM"]
[BlackTitle "CM"]
[WhiteElo "2326"]
[BlackElo "2216"]
[WhiteFideId "13704788"]
[BlackFideId "36757527"]
[EventDate "2025.06.10"]

1. c4 e6 2. Nf3 d5 3. e3 Nf6 4. Nc3 Be7 5. b3 O-O 6. Bb2 c5 7. cxd5 exd5 8. d4
Nc6 9. Be2 Bg4 10. O-O Rc8 11. dxc5 Bxc5 12. Nb5 a6 13. Nbd4 Nxd4 14. Nxd4 Bxe2
15. Qxe2 Re8 16. Rac1 Ba7 17. Rfd1 Qa5 18. a4 Qb4 19. Qe1 Rxc1 20. Rxc1 Qxe1+
21. Rxe1 Rc8 22. Rc1 Rxc1+ 23. Bxc1 Bxd4 24. exd4 Kf8 25. f3 Ke7 26. Kf2 Kd6 27.
Ke3 Nd7 28. Kd3 g6 29. Ba3+ Ke6 30. Bb4 h5 31. Bd2 h4 32. Bg5 h3 33. gxh3 Kf5
34. Bd2 Nf6 35. Kc3 Nh5 36. Kb4 b6 37. a5 bxa5+ 38. Kxa5 Ng7 39. Kxa6 Ke6 40. b4
Kd7 41. b5 Ne6 42. Bc3 Kc7 43. Ka7 Nd8 44. Ba5+ Kc8 45. Bxd8 Kxd8 46. b6 g5 47.
b7 g4 48. hxg4 Ke7 49. b8=Q Kf6 50. Qd6+ Kg5 51. Qxd5+ Kf4 52. Qf5+ Ke3 53. Qxf7
Kxd4 54. h4 Ke3 55. h5 Kf2 56. h6 Kg1 57. h7 Kf2 58. g5 Kg3 59. f4 Kf2 60. f5
Kg3 61. f6 Kg4 62. g6 Kg5 63. g7 Kh6 64. Qg8 Kg6 65. f7 Kf6 66. Kb7 Kg6 67. Kc7
Kg5 68. Kd7 Kg4 69. Ke7 Kg3 70. Qd8 Kg2 71. Kf8 Kg3 72. Kg8 Kg4 73. Qd4+ Kg5 74.
f8=Q Kg6 75. Qff6+ Kh5 76. h8=Q# 1-0

[Event "Titled Tue 10th Jun Early"]
[Site "chess.com INT"]
[Date "2025.06.10"]
[Round "7"]
[White "Perossa, Nicolas"]
[Black "Yonal, Timur"]
[Result "1-0"]
[WhiteTitle "FM"]
[BlackTitle "FM"]
[WhiteElo "2286"]
[BlackElo "2170"]
[WhiteFideId "2850520"]
[BlackFideId "44115725"]
[EventDate "2025.06.10"]

1. d4 Nf6 2. c4 e6 3. Nf3 d5 4. g3 dxc4 5. Bg2 Nc6 6. O-O a6 7. a4 Rb8 8. Na3 b5
9. axb5 axb5 10. b3 cxb3 11. Qxb3 b4 12. Nc2 Be7 13. Re1 O-O 14. e4 Bd7 15. d5
exd5 16. exd5 Nxd5 17. Qxd5 b3 18. Ncd4 Nxd4 19. Nxd4 b2 20. Bxb2 Rxb2 21. Rad1
Ba4 22. Qxd8 Rxd8 23. Ra1 Rxd4 24. Rxe7 g6 25. Rxc7 Bb3 26. Rb7 Rdd2 27. Bf1
Rxf2 28. Ra8+ Kg7 29. Rab8 Rf3 30. Bc4 Rc3 31. Rxb3 Rc1+ 32. Bf1 Rd2 33. Rf3
Rdd1 34. Rb7 Kh6 35. Rfxf7 Kg5 36. Rb5+ Kg4 37. Rf4# 1-0